<?xml version="1.0" encoding="UTF-8"?>
<record
    xmlns:xsi="http://www.w3.org/2001/XMLSchema-instance"
    xsi:schemaLocation="http://www.loc.gov/MARC21/slim http://www.loc.gov/standards/marcxml/schema/MARC21slim.xsd"
    xmlns="http://www.loc.gov/MARC21/slim">

  <leader>10956nam a22030977a 4500</leader>
  <controlfield tag="008">150817b        xxu||||| |||| 00| 0 eng d</controlfield>
  <datafield tag="020" ind1=" " ind2=" ">
    <subfield code="a">[sin ISBN]</subfield>
  </datafield>
  <datafield tag="082" ind1=" " ind2=" ">
    <subfield code="a">709.2</subfield>
    <subfield code="b">W927a</subfield>
  </datafield>
  <datafield tag="110" ind1=" " ind2=" ">
    <subfield code="a">World Bank Art Program</subfield>
    <subfield code="9">3318</subfield>
  </datafield>
  <datafield tag="245" ind1=" " ind2=" ">
    <subfield code="a"> About Change in Latin America and the Caribbean</subfield>
    <subfield code="c">World Bank Art Program</subfield>
  </datafield>
  <datafield tag="260" ind1=" " ind2=" ">
    <subfield code="a">U.S.A.</subfield>
    <subfield code="b">The World Bank</subfield>
    <subfield code="c">2011</subfield>
  </datafield>
  <datafield tag="300" ind1=" " ind2=" ">
    <subfield code="a">352 p.</subfield>
    <subfield code="b">ill (some col.)</subfield>
    <subfield code="c">20 cm</subfield>
  </datafield>
  <datafield tag="500" ind1=" " ind2=" ">
    <subfield code="a"> Participan artistas de Argentina, Bahamas, Barbados, Belice, Bolivia, Brazil, Chile, Colombia, Costa Rica, Dominica, Rep&#xFA;blica Dominicana, Ecuador, El Salvador, Guatemala, Guyana, Hait&#xED;, Honduras, Jamaica, M&#xE9;xico, Nicaragua, Panam&#xE1;, Paraguay, Per&#xFA;, St. Kitts and Neves, St. Luc&#xED;a, St. Vincent and The Grenadines, Suriname, Trinidad and Tobago, Uruguay y Venezuela</subfield>
  </datafield>
  <datafield tag="546" ind1=" " ind2=" ">
    <subfield code="a">Texto en idioma ingl&#xE9;s.</subfield>
  </datafield>
  <datafield tag="650" ind1=" " ind2=" ">
    <subfield code="a">Arte Contempor&#xE1;neo</subfield>
    <subfield code="v">Artes Visuales</subfield>
    <subfield code="z">Am&#xE9;rica Latina y Caribe</subfield>
    <subfield code="9">3319</subfield>
  </datafield>
  <datafield tag="650" ind1=" " ind2=" ">
    <subfield code="a">Exposiciones</subfield>
    <subfield code="z">Am&#xE9;rica Latina y Caribe</subfield>
    <subfield code="9">3320</subfield>
  </datafield>
  <datafield tag="650" ind1=" " ind2=" ">
    <subfield code="a">Movimiento y estilo</subfield>
    <subfield code="9">3321</subfield>
  </datafield>
  <datafield tag="700" ind1=" " ind2=" ">
    <subfield code="a">Arturo Aguilar</subfield>
    <subfield code="9">3322</subfield>
  </datafield>
  <datafield tag="700" ind1=" " ind2=" ">
    <subfield code="a">Mar&#xED;a Lucila Amatista </subfield>
    <subfield code="9">3323</subfield>
  </datafield>
  <datafield tag="700" ind1=" " ind2=" ">
    <subfield code="a">Alejandro Arg&#xFC;elles</subfield>
    <subfield code="9">3324</subfield>
  </datafield>
  <datafield tag="700" ind1=" " ind2=" ">
    <subfield code="a">Aveta, Hugo C&#xE9;sar</subfield>
    <subfield code="9">3855</subfield>
  </datafield>
  <datafield tag="700" ind1=" " ind2=" ">
    <subfield code="a">Baggio, Gabriel</subfield>
    <subfield code="9">3856</subfield>
  </datafield>
  <datafield tag="700" ind1=" " ind2=" ">
    <subfield code="a">Battistelli, Leonardo Andr&#xE9;s</subfield>
    <subfield code="9">3857</subfield>
  </datafield>
  <datafield tag="700" ind1=" " ind2=" ">
    <subfield code="a">Bendjeskov, Evelyn</subfield>
    <subfield code="9">3858</subfield>
  </datafield>
  <datafield tag="700" ind1=" " ind2=" ">
    <subfield code="a">Blanco, Florencia</subfield>
    <subfield code="9">3859</subfield>
  </datafield>
  <datafield tag="700" ind1=" " ind2=" ">
    <subfield code="a">Bonino, Toia</subfield>
    <subfield code="9">3860</subfield>
  </datafield>
  <datafield tag="700" ind1=" " ind2=" ">
    <subfield code="a">Cabutti, Marcela Leticia</subfield>
    <subfield code="9">3861</subfield>
  </datafield>
  <datafield tag="700" ind1=" " ind2=" ">
    <subfield code="a">Chouela, Guido David</subfield>
    <subfield code="9">3862</subfield>
  </datafield>
  <datafield tag="700" ind1=" " ind2=" ">
    <subfield code="a">Doffo, Juan</subfield>
    <subfield code="9">3863</subfield>
  </datafield>
  <datafield tag="700" ind1=" " ind2=" ">
    <subfield code="a">Fidanza, Mercedes</subfield>
    <subfield code="9">3864</subfield>
  </datafield>
  <datafield tag="700" ind1=" " ind2=" ">
    <subfield code="a">Funes, Luj&#xE1;n</subfield>
    <subfield code="9">3865</subfield>
  </datafield>
  <datafield tag="700" ind1=" " ind2=" ">
    <subfield code="a">Gil, Eduardo</subfield>
    <subfield code="9">3866</subfield>
  </datafield>
  <datafield tag="700" ind1=" " ind2=" ">
    <subfield code="a">Goin, Fernando</subfield>
    <subfield code="9">3867</subfield>
  </datafield>
  <datafield tag="700" ind1=" " ind2=" ">
    <subfield code="a">Grosman, Marcelo</subfield>
    <subfield code="9">3868</subfield>
  </datafield>
  <datafield tag="700" ind1=" " ind2=" ">
    <subfield code="a">Imbach, Carlos Miguel</subfield>
    <subfield code="9">3869</subfield>
  </datafield>
  <datafield tag="700" ind1=" " ind2=" ">
    <subfield code="a">Inzirillo, Juan Pablo</subfield>
    <subfield code="9">3870</subfield>
  </datafield>
  <datafield tag="700" ind1=" " ind2=" ">
    <subfield code="a">Juan, Andrea</subfield>
    <subfield code="9">3871</subfield>
  </datafield>
  <datafield tag="700" ind1=" " ind2=" ">
    <subfield code="a">Kampelmacher, Cynthia Paola</subfield>
    <subfield code="9">3872</subfield>
  </datafield>
  <datafield tag="700" ind1=" " ind2=" ">
    <subfield code="a">Kehayoglu, Alexandra</subfield>
    <subfield code="9">3873</subfield>
  </datafield>
  <datafield tag="700" ind1=" " ind2=" ">
    <subfield code="a">Larrambebere, Patricio</subfield>
    <subfield code="9">3874</subfield>
  </datafield>
  <datafield tag="700" ind1=" " ind2=" ">
    <subfield code="a">Lestido, Adriana</subfield>
    <subfield code="9">3875</subfield>
  </datafield>
  <datafield tag="700" ind1=" " ind2=" ">
    <subfield code="a">Mangiante, Nuna</subfield>
    <subfield code="9">3876</subfield>
  </datafield>
  <datafield tag="700" ind1=" " ind2=" ">
    <subfield code="a">Messina, Gaby</subfield>
    <subfield code="9">3877</subfield>
  </datafield>
  <datafield tag="700" ind1=" " ind2=" ">
    <subfield code="a">Messing, Laura</subfield>
    <subfield code="9">3878</subfield>
  </datafield>
  <datafield tag="700" ind1=" " ind2=" ">
    <subfield code="a">Mi&#xF1;o, Jorge</subfield>
    <subfield code="9">3879</subfield>
  </datafield>
  <datafield tag="700" ind1=" " ind2=" ">
    <subfield code="a">Nu&#xF1;ez, Leandro</subfield>
    <subfield code="9">3880</subfield>
  </datafield>
  <datafield tag="700" ind1=" " ind2=" ">
    <subfield code="a">Ostera, Andrea</subfield>
    <subfield code="9">3881</subfield>
  </datafield>
  <datafield tag="700" ind1=" " ind2=" ">
    <subfield code="a">Otegui, Paula</subfield>
    <subfield code="9">3882</subfield>
  </datafield>
  <datafield tag="700" ind1=" " ind2=" ">
    <subfield code="a">Pantoja, Julio</subfield>
    <subfield code="9">3883</subfield>
  </datafield>
  <datafield tag="700" ind1=" " ind2=" ">
    <subfield code="a">Pasinovich, Andr&#xE9;s</subfield>
    <subfield code="9">3884</subfield>
  </datafield>
  <datafield tag="700" ind1=" " ind2=" ">
    <subfield code="a">Pastorino, Esteban Norman</subfield>
    <subfield code="9">3885</subfield>
  </datafield>
  <datafield tag="700" ind1=" " ind2=" ">
    <subfield code="a">Podesta, Raquel</subfield>
    <subfield code="9">3886</subfield>
  </datafield>
  <datafield tag="700" ind1=" " ind2=" ">
    <subfield code="a">Reato, Emilio Claudio</subfield>
    <subfield code="9">3887</subfield>
  </datafield>
  <datafield tag="700" ind1=" " ind2=" ">
    <subfield code="a">Rivero, Esteban</subfield>
    <subfield code="9">3888</subfield>
  </datafield>
  <datafield tag="700" ind1=" " ind2=" ">
    <subfield code="a">Roitman, Anah&#xED;</subfield>
    <subfield code="9">3889</subfield>
  </datafield>
  <datafield tag="700" ind1=" " ind2=" ">
    <subfield code="a">Thornton, Alejandro</subfield>
    <subfield code="9">3890</subfield>
  </datafield>
  <datafield tag="700" ind1=" " ind2=" ">
    <subfield code="a">Tschopp, Leila</subfield>
    <subfield code="9">3891</subfield>
  </datafield>
  <datafield tag="700" ind1=" " ind2=" ">
    <subfield code="a">Varone, Federico</subfield>
    <subfield code="9">3892</subfield>
  </datafield>
  <datafield tag="700" ind1=" " ind2=" ">
    <subfield code="a">Zanela, Augusto</subfield>
    <subfield code="9">3893</subfield>
  </datafield>
  <datafield tag="700" ind1=" " ind2=" ">
    <subfield code="a">Cox, John</subfield>
    <subfield code="9">3894</subfield>
  </datafield>
  <datafield tag="700" ind1=" " ind2=" ">
    <subfield code="a">Curry, Blue</subfield>
    <subfield code="9">3895</subfield>
  </datafield>
  <datafield tag="700" ind1=" " ind2=" ">
    <subfield code="a">Munroe, Kishan</subfield>
    <subfield code="9">3896</subfield>
  </datafield>
  <datafield tag="700" ind1=" " ind2=" ">
    <subfield code="a">Munroe, Lavar</subfield>
    <subfield code="9">3897</subfield>
  </datafield>
  <datafield tag="700" ind1=" " ind2=" ">
    <subfield code="a">Atkinson, Ewan</subfield>
    <subfield code="9">3898</subfield>
  </datafield>
  <datafield tag="700" ind1=" " ind2=" ">
    <subfield code="a">Joscelyn Gardner</subfield>
    <subfield code="9">3899</subfield>
  </datafield>
  <datafield tag="700" ind1=" " ind2=" ">
    <subfield code="a">Rose, Sheena</subfield>
    <subfield code="9">3900</subfield>
  </datafield>
  <datafield tag="700" ind1=" " ind2=" ">
    <subfield code="a">Wiles, Tonya</subfield>
    <subfield code="9">3901</subfield>
  </datafield>
  <datafield tag="700" ind1=" " ind2=" ">
    <subfield code="a">Cal, Santiago</subfield>
    <subfield code="9">3902</subfield>
  </datafield>
  <datafield tag="700" ind1=" " ind2=" ">
    <subfield code="a">Ben&#xED;tez &#xC1;vila, Gabriela</subfield>
    <subfield code="9">3903</subfield>
  </datafield>
  <datafield tag="700" ind1=" " ind2=" ">
    <subfield code="a">Coca, Galo</subfield>
    <subfield code="9">3904</subfield>
  </datafield>
  <datafield tag="700" ind1=" " ind2=" ">
    <subfield code="a">Berduccy Christie, Sandra De</subfield>
    <subfield code="9">3905</subfield>
  </datafield>
  <datafield tag="700" ind1=" " ind2=" ">
    <subfield code="a">Ewel, Erika</subfield>
    <subfield code="9">3906</subfield>
  </datafield>
  <datafield tag="700" ind1=" " ind2=" ">
    <subfield code="a">Schwartz, Raquel</subfield>
    <subfield code="9">3907</subfield>
  </datafield>
  <datafield tag="700" ind1=" " ind2=" ">
    <subfield code="a">Unterladstaetter Valdivia, Roberto</subfield>
    <subfield code="9">3908</subfield>
  </datafield>
  <datafield tag="700" ind1=" " ind2=" ">
    <subfield code="a">Aguiar, Deolinda</subfield>
    <subfield code="9">3909</subfield>
  </datafield>
  <datafield tag="700" ind1=" " ind2=" ">
    <subfield code="a">Almeida, Paulo</subfield>
    <subfield code="9">3910</subfield>
  </datafield>
  <datafield tag="700" ind1=" " ind2=" ">
    <subfield code="a">Alvim, Andr&#xE9;</subfield>
    <subfield code="9">3911</subfield>
  </datafield>
  <datafield tag="700" ind1=" " ind2=" ">
    <subfield code="a">Bambozzi, Lucas</subfield>
    <subfield code="9">3912</subfield>
  </datafield>
  <datafield tag="700" ind1=" " ind2=" ">
    <subfield code="a">Barata, Andr&#xE9;a</subfield>
    <subfield code="9">3913</subfield>
  </datafield>
  <datafield tag="700" ind1=" " ind2=" ">
    <subfield code="a">Caballero, Daniel</subfield>
    <subfield code="9">3914</subfield>
  </datafield>
  <datafield tag="700" ind1=" " ind2=" ">
    <subfield code="a">Centurion Braga, Gabriel</subfield>
    <subfield code="9">3915</subfield>
  </datafield>
  <datafield tag="700" ind1=" " ind2=" ">
    <subfield code="a">Chaim, Carla </subfield>
    <subfield code="9">3916</subfield>
  </datafield>
  <datafield tag="700" ind1=" " ind2=" ">
    <subfield code="a">Conti Melo, Adriana</subfield>
    <subfield code="9">3917</subfield>
  </datafield>
  <datafield tag="700" ind1=" " ind2=" ">
    <subfield code="a">Fran&#xE7;a, Henrique de</subfield>
    <subfield code="9">3918</subfield>
  </datafield>
  <datafield tag="700" ind1=" " ind2=" ">
    <subfield code="a">Dias Viana, Tomaz</subfield>
    <subfield code="9">3919</subfield>
  </datafield>
  <datafield tag="700" ind1=" " ind2=" ">
    <subfield code="a">Esp&#xED;ndola, Mauro</subfield>
    <subfield code="9">3920</subfield>
  </datafield>
  <datafield tag="700" ind1=" " ind2=" ">
    <subfield code="a">Glasner, Kilian</subfield>
    <subfield code="9">3921</subfield>
  </datafield>
  <datafield tag="700" ind1=" " ind2=" ">
    <subfield code="a">Gouveia, Isabel</subfield>
    <subfield code="9">3922</subfield>
  </datafield>
  <datafield tag="700" ind1=" " ind2=" ">
    <subfield code="a">Junqueira Angulo, Fl&#xE1;via</subfield>
    <subfield code="9">3923</subfield>
  </datafield>
  <datafield tag="700" ind1=" " ind2=" ">
    <subfield code="a">Kater, Julia</subfield>
    <subfield code="9">3924</subfield>
  </datafield>
  <datafield tag="700" ind1=" " ind2=" ">
    <subfield code="a">L&#xF3;pez, Fabricio</subfield>
    <subfield code="9">3925</subfield>
  </datafield>
  <datafield tag="700" ind1=" " ind2=" ">
    <subfield code="a">Marques, Fabiano</subfield>
    <subfield code="9">3926</subfield>
  </datafield>
  <datafield tag="700" ind1=" " ind2=" ">
    <subfield code="a">Telles, Luis</subfield>
    <subfield code="9">3927</subfield>
  </datafield>
  <datafield tag="700" ind1=" " ind2=" ">
    <subfield code="a">Terra, Laila</subfield>
    <subfield code="9">3928</subfield>
  </datafield>
  <datafield tag="700" ind1=" " ind2=" ">
    <subfield code="a">Vaz Guimar&#xE3;es Moraes, Bettina</subfield>
    <subfield code="9">3929</subfield>
  </datafield>
  <datafield tag="700" ind1=" " ind2=" ">
    <subfield code="a">Vilela, Bruno</subfield>
    <subfield code="9">3930</subfield>
  </datafield>
  <datafield tag="700" ind1=" " ind2=" ">
    <subfield code="a">Swinburn Kufferath, Catalina</subfield>
    <subfield code="9">3931</subfield>
  </datafield>
  <datafield tag="700" ind1=" " ind2=" ">
    <subfield code="a">Aninat Sahli, Teresa</subfield>
    <subfield code="9">3932</subfield>
  </datafield>
  <datafield tag="700" ind1=" " ind2=" ">
    <subfield code="a">Belmar, Joan</subfield>
    <subfield code="9">3933</subfield>
  </datafield>
  <datafield tag="700" ind1=" " ind2=" ">
    <subfield code="a">Elizalde, Cristian</subfield>
    <subfield code="9">3934</subfield>
  </datafield>
  <datafield tag="700" ind1=" " ind2=" ">
    <subfield code="a">Estuardo, Jos&#xE9;</subfield>
    <subfield code="9">3935</subfield>
  </datafield>
  <datafield tag="700" ind1=" " ind2=" ">
    <subfield code="a">Fa&#xFA;ndez, Marcelo</subfield>
    <subfield code="9">3936</subfield>
  </datafield>
  <datafield tag="700" ind1=" " ind2=" ">
    <subfield code="a">Guilisasti, Josefina</subfield>
    <subfield code="9">3937</subfield>
  </datafield>
  <datafield tag="700" ind1=" " ind2=" ">
    <subfield code="a">Gumucio, Ignacio</subfield>
    <subfield code="9">3938</subfield>
  </datafield>
  <datafield tag="700" ind1=" " ind2=" ">
    <subfield code="a">Lewin, Consuelo</subfield>
    <subfield code="9">3939</subfield>
  </datafield>
  <datafield tag="700" ind1=" " ind2=" ">
    <subfield code="a">Mahaluf, Sebasti&#xE1;n</subfield>
    <subfield code="9">3940</subfield>
  </datafield>
  <datafield tag="700" ind1=" " ind2=" ">
    <subfield code="a">Rupcich, Nicol&#xE1;s</subfield>
    <subfield code="9">3941</subfield>
  </datafield>
  <datafield tag="700" ind1=" " ind2=" ">
    <subfield code="a">Mar&#xED;n, Emilio</subfield>
    <subfield code="9">3942</subfield>
  </datafield>
  <datafield tag="700" ind1=" " ind2=" ">
    <subfield code="a">Mena &#xDC;rm&#xE9;nyi, Catalina</subfield>
    <subfield code="9">3943</subfield>
  </datafield>
  <datafield tag="700" ind1=" " ind2=" ">
    <subfield code="a">Nishimura, Sachiyo</subfield>
    <subfield code="9">3944</subfield>
  </datafield>
  <datafield tag="700" ind1=" " ind2=" ">
    <subfield code="a">Sep&#xFA;lveda, Francisco</subfield>
    <subfield code="9">3945</subfield>
  </datafield>
  <datafield tag="700" ind1=" " ind2=" ">
    <subfield code="a">Vicu&#xF1;a Dom&#xED;nguez, Ana Catalina</subfield>
    <subfield code="9">3946</subfield>
  </datafield>
  <datafield tag="700" ind1=" " ind2=" ">
    <subfield code="a">&#xC1;lvarez, Kindi Llajtu-Vicente</subfield>
    <subfield code="9">3947</subfield>
  </datafield>
  <datafield tag="700" ind1=" " ind2=" ">
    <subfield code="a">Jacanamijoy</subfield>
    <subfield code="9">3948</subfield>
  </datafield>
  <datafield tag="700" ind1=" " ind2=" ">
    <subfield code="a">Eheverry, Santiago</subfield>
    <subfield code="9">3949</subfield>
  </datafield>
  <datafield tag="700" ind1=" " ind2=" ">
    <subfield code="a">Fuenmayor, Gonzalo</subfield>
    <subfield code="9">3950</subfield>
  </datafield>
  <datafield tag="700" ind1=" " ind2=" ">
    <subfield code="a">Gonz&#xE1;lez, Myriam</subfield>
    <subfield code="9">3951</subfield>
  </datafield>
  <datafield tag="700" ind1=" " ind2=" ">
    <subfield code="a">Gonz&#xE1;lez Rojas, Ana</subfield>
    <subfield code="9">3952</subfield>
  </datafield>
  <datafield tag="700" ind1=" " ind2=" ">
    <subfield code="a">Gonz&#xE1;lez Salamanca, Ana Paola</subfield>
    <subfield code="9">3953</subfield>
  </datafield>
  <datafield tag="700" ind1=" " ind2=" ">
    <subfield code="a">McCormick, Alexandra</subfield>
    <subfield code="9">3954</subfield>
  </datafield>
  <datafield tag="700" ind1=" " ind2=" ">
    <subfield code="a">Mojica, Marco</subfield>
    <subfield code="9">3955</subfield>
  </datafield>
  <datafield tag="700" ind1=" " ind2=" ">
    <subfield code="a">Moreno S&#xE1;nchez, Eduard</subfield>
    <subfield code="9">3956</subfield>
  </datafield>
  <datafield tag="700" ind1=" " ind2=" ">
    <subfield code="a">Posada Escobar, Andrea</subfield>
    <subfield code="9">3957</subfield>
  </datafield>
  <datafield tag="700" ind1=" " ind2=" ">
    <subfield code="a">Salazar Arenas, Carlos Alberto</subfield>
    <subfield code="9">3958</subfield>
  </datafield>
  <datafield tag="700" ind1=" " ind2=" ">
    <subfield code="a">Vargas De La Hoz, Lina</subfield>
    <subfield code="9">3959</subfield>
  </datafield>
  <datafield tag="700" ind1=" " ind2=" ">
    <subfield code="a">Zapata S&#xE1;nchez, Jorge Alonso</subfield>
    <subfield code="9">3960</subfield>
  </datafield>
  <datafield tag="700" ind1=" " ind2=" ">
    <subfield code="a">Figueroa Chaves, Oscar</subfield>
    <subfield code="9">3961</subfield>
  </datafield>
  <datafield tag="700" ind1=" " ind2=" ">
    <subfield code="a">Goizueta Fevrier, Luciano</subfield>
    <subfield code="9">3962</subfield>
  </datafield>
  <datafield tag="700" ind1=" " ind2=" ">
    <subfield code="a">Guerrero Miranda, Roberto</subfield>
    <subfield code="9">3963</subfield>
  </datafield>
  <datafield tag="700" ind1=" " ind2=" ">
    <subfield code="a">Hern&#xE1;ndez Campos, Jos&#xE9; Alberto</subfield>
    <subfield code="9">3964</subfield>
  </datafield>
  <datafield tag="700" ind1=" " ind2=" ">
    <subfield code="a">Herrero, Federico</subfield>
    <subfield code="9">3626</subfield>
  </datafield>
  <datafield tag="700" ind1=" " ind2=" ">
    <subfield code="a">Hsu, Mimian</subfield>
    <subfield code="9">3965</subfield>
  </datafield>
  <datafield tag="700" ind1=" " ind2=" ">
    <subfield code="a">Juric, John</subfield>
    <subfield code="9">3966</subfield>
  </datafield>
  <datafield tag="700" ind1=" " ind2=" ">
    <subfield code="a">Madriz, Luc&#xED;a</subfield>
    <subfield code="9">3785</subfield>
  </datafield>
  <datafield tag="700" ind1=" " ind2=" ">
    <subfield code="a">Mclver, Natasha</subfield>
    <subfield code="9">3967</subfield>
  </datafield>
  <datafield tag="700" ind1=" " ind2=" ">
    <subfield code="a">Miranda Guti&#xE9;rrez. Mauricio</subfield>
    <subfield code="9">3968</subfield>
  </datafield>
  <datafield tag="700" ind1=" " ind2=" ">
    <subfield code="a">Paredes, Cecilia</subfield>
    <subfield code="9">3969</subfield>
  </datafield>
  <datafield tag="700" ind1=" " ind2=" ">
    <subfield code="a">Rodr&#xED;guez del Paso, Joaqu&#xED;n</subfield>
    <subfield code="9">3970</subfield>
  </datafield>
  <datafield tag="700" ind1=" " ind2=" ">
    <subfield code="a">Soto, Cinthya</subfield>
    <subfield code="9">3971</subfield>
  </datafield>
  <datafield tag="700" ind1=" " ind2=" ">
    <subfield code="a">Wen Chang, Elena</subfield>
    <subfield code="9">3972</subfield>
  </datafield>
  <datafield tag="700" ind1=" " ind2=" ">
    <subfield code="a">Marcelle, Pauline</subfield>
    <subfield code="9">3973</subfield>
  </datafield>
  <datafield tag="700" ind1=" " ind2=" ">
    <subfield code="a">Ba&#xF1;&#xF3;n, Alain</subfield>
    <subfield code="9">3974</subfield>
  </datafield>
  <datafield tag="700" ind1=" " ind2=" ">
    <subfield code="a">Coronado, Pepe</subfield>
    <subfield code="9">3975</subfield>
  </datafield>
  <datafield tag="700" ind1=" " ind2=" ">
    <subfield code="a">Garc&#xED;a, Iliana Emilia</subfield>
    <subfield code="9">3976</subfield>
  </datafield>
  <datafield tag="700" ind1=" " ind2=" ">
    <subfield code="a">Garcia, Scherezade</subfield>
    <subfield code="9">3977</subfield>
  </datafield>
  <datafield tag="700" ind1=" " ind2=" ">
    <subfield code="a">Oquet, Charo</subfield>
    <subfield code="9">3978</subfield>
  </datafield>
  <datafield tag="700" ind1=" " ind2=" ">
    <subfield code="a">Valdez, Julio</subfield>
    <subfield code="9">3979</subfield>
  </datafield>
  <datafield tag="700" ind1=" " ind2=" ">
    <subfield code="a">Morel, Alex</subfield>
    <subfield code="9">3980</subfield>
  </datafield>
  <datafield tag="700" ind1=" " ind2=" ">
    <subfield code="a">Enright, Nicky</subfield>
    <subfield code="9">3981</subfield>
  </datafield>
  <datafield tag="700" ind1=" " ind2=" ">
    <subfield code="a">Pati&#xF1;o, Agust&#xED;n</subfield>
    <subfield code="9">3982</subfield>
  </datafield>
  <datafield tag="700" ind1=" " ind2=" ">
    <subfield code="a">Paz&#xE1;n, Karen</subfield>
    <subfield code="9">3983</subfield>
  </datafield>
  <datafield tag="700" ind1=" " ind2=" ">
    <subfield code="a">Ponce, Maria Teresa</subfield>
    <subfield code="9">3984</subfield>
  </datafield>
  <datafield tag="700" ind1=" " ind2=" ">
    <subfield code="a">Toledo, Fernando</subfield>
    <subfield code="9">3985</subfield>
  </datafield>
  <datafield tag="700" ind1=" " ind2=" ">
    <subfield code="a">Esquivel, Mauricio Edgardo</subfield>
    <subfield code="9">3986</subfield>
  </datafield>
  <datafield tag="700" ind1=" " ind2=" ">
    <subfield code="a">Kabist&#xE1;n, Mauricio</subfield>
    <subfield code="9">3987</subfield>
  </datafield>
  <datafield tag="700" ind1=" " ind2=" ">
    <subfield code="a">Izaguirre, Jaime</subfield>
    <subfield code="9">3988</subfield>
  </datafield>
  <datafield tag="700" ind1=" " ind2=" ">
    <subfield code="a">Guevara, Melissa</subfield>
    <subfield code="9">3989</subfield>
  </datafield>
  <datafield tag="700" ind1=" " ind2=" ">
    <subfield code="a">Estrada, Karen</subfield>
    <subfield code="9">3990</subfield>
  </datafield>
  <datafield tag="700" ind1=" " ind2=" ">
    <subfield code="a">Iraheta, Walterio</subfield>
    <subfield code="9">3991</subfield>
  </datafield>
  <datafield tag="700" ind1=" " ind2=" ">
    <subfield code="a">Mor&#xE1;n, Ronald</subfield>
    <subfield code="9">3640</subfield>
  </datafield>
  <datafield tag="700" ind1=" " ind2=" ">
    <subfield code="a">Vides, Ver&#xF3;nica</subfield>
    <subfield code="9">3992</subfield>
  </datafield>
  <datafield tag="700" ind1=" " ind2=" ">
    <subfield code="a">Walsh, Rodolfo</subfield>
    <subfield code="9">3993</subfield>
  </datafield>
  <datafield tag="700" ind1=" " ind2=" ">
    <subfield code="a">Zavaleta, Danny</subfield>
    <subfield code="9">3994</subfield>
  </datafield>
  <datafield tag="700" ind1=" " ind2=" ">
    <subfield code="a">Asturias, Andr&#xE9;s</subfield>
    <subfield code="9">3995</subfield>
  </datafield>
  <datafield tag="700" ind1=" " ind2=" ">
    <subfield code="a">Calel Apen, Edgar Rolando</subfield>
    <subfield code="9">3996</subfield>
  </datafield>
  <datafield tag="700" ind1=" " ind2=" ">
    <subfield code="a">Chavajay Gonz&#xE1;lez, Benvenuto</subfield>
    <subfield code="9">3997</subfield>
  </datafield>
  <datafield tag="700" ind1=" " ind2=" ">
    <subfield code="a"> Batres, Regina de</subfield>
    <subfield code="9">3998</subfield>
  </datafield>
  <datafield tag="700" ind1=" " ind2=" ">
    <subfield code="a">Linares, Jorge</subfield>
    <subfield code="9">3475</subfield>
  </datafield>
  <datafield tag="700" ind1=" " ind2=" ">
    <subfield code="a">M&#xE1;rmol, Andrea</subfield>
    <subfield code="9">3999</subfield>
  </datafield>
  <datafield tag="700" ind1=" " ind2=" ">
    <subfield code="a">Maxia Cutzal, Bonifacio</subfield>
    <subfield code="9">4000</subfield>
  </datafield>
  <datafield tag="700" ind1=" " ind2=" ">
    <subfield code="a">Mench&#xFA; V&#xE1;squez, Erick Adolfo</subfield>
    <subfield code="9">4001</subfield>
  </datafield>
  <datafield tag="700" ind1=" " ind2=" ">
    <subfield code="a">Miza L&#xF3;pez, Petronilo</subfield>
    <subfield code="9">4002</subfield>
  </datafield>
  <datafield tag="700" ind1=" " ind2=" ">
    <subfield code="a">Morales, Norman Gabriel</subfield>
    <subfield code="9">4003</subfield>
  </datafield>
  <datafield tag="700" ind1=" " ind2=" ">
    <subfield code="a">Poy&#xF3;n Cali, Angel</subfield>
    <subfield code="9">4004</subfield>
  </datafield>
  <datafield tag="700" ind1=" " ind2=" ">
    <subfield code="a">Poy&#xF3;n Cali, Fernando</subfield>
    <subfield code="9">4005</subfield>
  </datafield>
  <datafield tag="700" ind1=" " ind2=" ">
    <subfield code="a">Kempadoo, Roshini</subfield>
    <subfield code="9">4006</subfield>
  </datafield>
  <datafield tag="700" ind1=" " ind2=" ">
    <subfield code="a">Locke, Hew</subfield>
    <subfield code="9">4007</subfield>
  </datafield>
  <datafield tag="700" ind1=" " ind2=" ">
    <subfield code="a">D&#xE9;sert, Jean-Ulrick</subfield>
    <subfield code="9">4008</subfield>
  </datafield>
  <datafield tag="700" ind1=" " ind2=" ">
    <subfield code="a">Argueta, Lucy</subfield>
    <subfield code="9">4009</subfield>
  </datafield>
  <datafield tag="700" ind1=" " ind2=" ">
    <subfield code="a">Oqueli, Jorge</subfield>
    <subfield code="9">3790</subfield>
  </datafield>
  <datafield tag="700" ind1=" " ind2=" ">
    <subfield code="a">Vallecillo, Ad&#xE1;n</subfield>
    <subfield code="9">1812</subfield>
  </datafield>
  <datafield tag="700" ind1=" " ind2=" ">
    <subfield code="a">Campbell, Charles</subfield>
    <subfield code="9">4010</subfield>
  </datafield>
  <datafield tag="700" ind1=" " ind2=" ">
    <subfield code="a">Chen, Margaret</subfield>
    <subfield code="9">4011</subfield>
  </datafield>
  <datafield tag="700" ind1=" " ind2=" ">
    <subfield code="a">Facey, Laura</subfield>
    <subfield code="9">4012</subfield>
  </datafield>
  <datafield tag="700" ind1=" " ind2=" ">
    <subfield code="a">Hanson, Gerard</subfield>
    <subfield code="9">4013</subfield>
  </datafield>
  <datafield tag="700" ind1=" " ind2=" ">
    <subfield code="a">James, Marlon</subfield>
    <subfield code="9">4014</subfield>
  </datafield>
  <datafield tag="700" ind1=" " ind2=" ">
    <subfield code="a">Parchment, Michael</subfield>
    <subfield code="9">4015</subfield>
  </datafield>
  <datafield tag="700" ind1=" " ind2=" ">
    <subfield code="a">Patterson, Ebony</subfield>
    <subfield code="9">4016</subfield>
  </datafield>
  <datafield tag="700" ind1=" " ind2=" ">
    <subfield code="a">Russel, Oneika</subfield>
    <subfield code="9">4017</subfield>
  </datafield>
  <datafield tag="700" ind1=" " ind2=" ">
    <subfield code="a">Thomas, Phillip</subfield>
    <subfield code="9">4018</subfield>
  </datafield>
  <datafield tag="700" ind1=" " ind2=" ">
    <subfield code="a">&#xC1;lvarez Charvel, Guillermo</subfield>
    <subfield code="9">4019</subfield>
  </datafield>
  <datafield tag="700" ind1=" " ind2=" ">
    <subfield code="a">Candiani Del Real, Tania</subfield>
    <subfield code="9">4020</subfield>
  </datafield>
  <datafield tag="700" ind1=" " ind2=" ">
    <subfield code="a">Corpart Muller, Guillaume</subfield>
    <subfield code="9">4021</subfield>
  </datafield>
  <datafield tag="700" ind1=" " ind2=" ">
    <subfield code="a">Fuentes, Katia</subfield>
    <subfield code="9">4022</subfield>
  </datafield>
  <datafield tag="700" ind1=" " ind2=" ">
    <subfield code="a">Guerrero Skinfill, H&#xE9;ctor</subfield>
    <subfield code="9">4023</subfield>
  </datafield>
  <datafield tag="700" ind1=" " ind2=" ">
    <subfield code="a">Ilich, Fran</subfield>
    <subfield code="9">4024</subfield>
  </datafield>
  <datafield tag="700" ind1=" " ind2=" ">
    <subfield code="a">Jim&#xE9;nez, Bayrol</subfield>
    <subfield code="9">4025</subfield>
  </datafield>
  <datafield tag="700" ind1=" " ind2=" ">
    <subfield code="a">Lemus, Juan Ram&#xF3;n</subfield>
    <subfield code="9">4026</subfield>
  </datafield>
  <datafield tag="700" ind1=" " ind2=" ">
    <subfield code="a">Linares Radillo, Mar&#xED;a del Carmen</subfield>
    <subfield code="9">4027</subfield>
  </datafield>
  <datafield tag="700" ind1=" " ind2=" ">
    <subfield code="a">L&#xF3;pez, Minerva</subfield>
    <subfield code="9">4028</subfield>
  </datafield>
  <datafield tag="700" ind1=" " ind2=" ">
    <subfield code="a">Narro, Artemio</subfield>
    <subfield code="9">4029</subfield>
  </datafield>
  <datafield tag="700" ind1=" " ind2=" ">
    <subfield code="a">S&#xE1;nchez Barajas, Mar&#xED;a Teresa</subfield>
    <subfield code="9">4030</subfield>
  </datafield>
  <datafield tag="700" ind1=" " ind2=" ">
    <subfield code="a">Scibor-Rylski, Eric</subfield>
    <subfield code="9">4031</subfield>
  </datafield>
  <datafield tag="700" ind1=" " ind2=" ">
    <subfield code="a">Torres Mendoza, Omar</subfield>
    <subfield code="9">4032</subfield>
  </datafield>
  <datafield tag="700" ind1=" " ind2=" ">
    <subfield code="a">Torres Ortiz, Isaac Emmanuel</subfield>
    <subfield code="9">4033</subfield>
  </datafield>
  <datafield tag="700" ind1=" " ind2=" ">
    <subfield code="a">Zamora, H&#xE9;ctor</subfield>
    <subfield code="9">4034</subfield>
  </datafield>
  <datafield tag="700" ind1=" " ind2=" ">
    <subfield code="a">Arg&#xFC;ello, Allan</subfield>
    <subfield code="9">4035</subfield>
  </datafield>
  <datafield tag="700" ind1=" " ind2=" ">
    <subfield code="a">Calvet, Jean Marc</subfield>
    <subfield code="9">4036</subfield>
  </datafield>
  <datafield tag="700" ind1=" " ind2=" ">
    <subfield code="a">Kabist&#xE1;n, Mauricio</subfield>
    <subfield code="9">3987</subfield>
  </datafield>
  <datafield tag="700" ind1=" " ind2=" ">
    <subfield code="a">Lacayo, Rossana</subfield>
    <subfield code="9">4037</subfield>
  </datafield>
  <datafield tag="700" ind1=" " ind2=" ">
    <subfield code="a">Adames, Rodrigo</subfield>
    <subfield code="9">4038</subfield>
  </datafield>
  <datafield tag="700" ind1=" " ind2=" ">
    <subfield code="a">Castrell&#xF3;n, Jos&#xE9; Manuel</subfield>
    <subfield code="9">3738</subfield>
  </datafield>
  <datafield tag="700" ind1=" " ind2=" ">
    <subfield code="a">Harker, Jonathan</subfield>
    <subfield code="9">3573</subfield>
  </datafield>
  <datafield tag="700" ind1=" " ind2=" ">
    <subfield code="a">Conlon, Donna</subfield>
    <subfield code="9">3740</subfield>
  </datafield>
  <datafield tag="700" ind1=" " ind2=" ">
    <subfield code="a">Endara, Donna</subfield>
    <subfield code="9">4039</subfield>
  </datafield>
  <datafield tag="700" ind1=" " ind2=" ">
    <subfield code="a">Moreno Raymundo, Pilar</subfield>
    <subfield code="9">4040</subfield>
  </datafield>
  <datafield tag="700" ind1=" " ind2=" ">
    <subfield code="a">Paolasso, Claudio</subfield>
    <subfield code="9">4041</subfield>
  </datafield>
  <datafield tag="700" ind1=" " ind2=" ">
    <subfield code="a">Boneu, Eneide</subfield>
    <subfield code="9">4042</subfield>
  </datafield>
  <datafield tag="700" ind1=" " ind2=" ">
    <subfield code="a">Bruzuela Santom&#xE9;, Gabriela</subfield>
    <subfield code="9">4043</subfield>
  </datafield>
  <datafield tag="700" ind1=" " ind2=" ">
    <subfield code="a">Agrawal, Franziska Nidhi-Kumari Anjou</subfield>
    <subfield code="9">4044</subfield>
  </datafield>
  <datafield tag="700" ind1=" " ind2=" ">
    <subfield code="a">Antillaque Carnero, Jaime Hugo</subfield>
    <subfield code="9">4045</subfield>
  </datafield>
  <datafield tag="700" ind1=" " ind2=" ">
    <subfield code="a">Cornejo, Cesar</subfield>
    <subfield code="9">4046</subfield>
  </datafield>
  <datafield tag="700" ind1=" " ind2=" ">
    <subfield code="a">Cortez Arce, Jos&#xE9; Manuel</subfield>
    <subfield code="9">4047</subfield>
  </datafield>
  <datafield tag="700" ind1=" " ind2=" ">
    <subfield code="a">G&#xF3;mez Delgado, Gilmer Roberto</subfield>
    <subfield code="9">4048</subfield>
  </datafield>
  <datafield tag="700" ind1=" " ind2=" ">
    <subfield code="a">Lamas, Nicol&#xE1;s</subfield>
    <subfield code="9">4049</subfield>
  </datafield>
  <datafield tag="700" ind1=" " ind2=" ">
    <subfield code="a">M&#xE1;rquez Espinoza, Alfredo H&#xE9;ctor</subfield>
    <subfield code="9">4050</subfield>
  </datafield>
  <datafield tag="700" ind1=" " ind2=" ">
    <subfield code="a">Rebata, Karina</subfield>
    <subfield code="9">4051</subfield>
  </datafield>
  <datafield tag="700" ind1=" " ind2=" ">
    <subfield code="a">Boddie, Terry</subfield>
    <subfield code="9">4052</subfield>
  </datafield>
  <datafield tag="700" ind1=" " ind2=" ">
    <subfield code="a">Huggins, Nadia</subfield>
    <subfield code="9">4053</subfield>
  </datafield>
  <datafield tag="700" ind1=" " ind2=" ">
    <subfield code="a">Mosera, Ras</subfield>
    <subfield code="9">4054</subfield>
  </datafield>
  <datafield tag="700" ind1=" " ind2=" ">
    <subfield code="a">Bynoe, Holly</subfield>
    <subfield code="9">4055</subfield>
  </datafield>
  <datafield tag="700" ind1=" " ind2=" ">
    <subfield code="a">Irodikromo, Sri</subfield>
    <subfield code="9">4056</subfield>
  </datafield>
  <datafield tag="700" ind1=" " ind2=" ">
    <subfield code="a">Pinas, Marcel Hendrick</subfield>
    <subfield code="9">4057</subfield>
  </datafield>
  <datafield tag="700" ind1=" " ind2=" ">
    <subfield code="a">Ramsamoedj, Dhiradj</subfield>
    <subfield code="9">4058</subfield>
  </datafield>
  <datafield tag="700" ind1=" " ind2=" ">
    <subfield code="a">Struikelblok, George</subfield>
    <subfield code="9">4059</subfield>
  </datafield>
  <datafield tag="700" ind1=" " ind2=" ">
    <subfield code="a">Tjon Poen Gie, Roddney</subfield>
    <subfield code="9">4060</subfield>
  </datafield>
  <datafield tag="700" ind1=" " ind2=" ">
    <subfield code="a">Belle, La Vaughn</subfield>
    <subfield code="9">4061</subfield>
  </datafield>
  <datafield tag="700" ind1=" " ind2=" ">
    <subfield code="a">Fung, Richard</subfield>
    <subfield code="9">4062</subfield>
  </datafield>
  <datafield tag="700" ind1=" " ind2=" ">
    <subfield code="a">Griffith, Marlon</subfield>
    <subfield code="9">4063</subfield>
  </datafield>
  <datafield tag="700" ind1=" " ind2=" ">
    <subfield code="a">Hdeed, Abigail</subfield>
    <subfield code="9">4064</subfield>
  </datafield>
  <datafield tag="700" ind1=" " ind2=" ">
    <subfield code="a">Lee Loy, Jaime</subfield>
    <subfield code="9">4065</subfield>
  </datafield>
  <datafield tag="700" ind1=" " ind2=" ">
    <subfield code="a">Noel, Nikolai</subfield>
    <subfield code="9">4066</subfield>
  </datafield>
  <datafield tag="700" ind1=" " ind2=" ">
    <subfield code="a">Warner, Rodell</subfield>
    <subfield code="9">4067</subfield>
  </datafield>
  <datafield tag="700" ind1=" " ind2=" ">
    <subfield code="a">Wood, Natalie</subfield>
    <subfield code="9">4068</subfield>
  </datafield>
  <datafield tag="700" ind1=" " ind2=" ">
    <subfield code="a">Aldabalde, Santiago</subfield>
    <subfield code="9">4069</subfield>
  </datafield>
  <datafield tag="700" ind1=" " ind2=" ">
    <subfield code="a">Altkorn Monti, Sim&#xF3;n</subfield>
    <subfield code="9">4070</subfield>
  </datafield>
  <datafield tag="700" ind1=" " ind2=" ">
    <subfield code="a">Campanella, Ana</subfield>
    <subfield code="9">4071</subfield>
  </datafield>
  <datafield tag="700" ind1=" " ind2=" ">
    <subfield code="a">Cardoso, Muriel</subfield>
    <subfield code="9">4072</subfield>
  </datafield>
  <datafield tag="700" ind1=" " ind2=" ">
    <subfield code="a">Rizzo, Ernesto</subfield>
    <subfield code="9">4073</subfield>
  </datafield>
  <datafield tag="700" ind1=" " ind2=" ">
    <subfield code="a">Meneses, Federico</subfield>
    <subfield code="9">4074</subfield>
  </datafield>
  <datafield tag="700" ind1=" " ind2=" ">
    <subfield code="a">Carella, Gerardo</subfield>
    <subfield code="9">4075</subfield>
  </datafield>
  <datafield tag="700" ind1=" " ind2=" ">
    <subfield code="a">Lacasa Igune, Jacqueline Helena</subfield>
    <subfield code="9">4076</subfield>
  </datafield>
  <datafield tag="700" ind1=" " ind2=" ">
    <subfield code="a">Lema, Gabriel</subfield>
    <subfield code="9">4077</subfield>
  </datafield>
  <datafield tag="700" ind1=" " ind2=" ">
    <subfield code="a">Machado, Daniel</subfield>
    <subfield code="9">4078</subfield>
  </datafield>
  <datafield tag="700" ind1=" " ind2=" ">
    <subfield code="a">Mattos, Cecilia</subfield>
    <subfield code="9">4079</subfield>
  </datafield>
  <datafield tag="700" ind1=" " ind2=" ">
    <subfield code="a">Velazco, Diego</subfield>
    <subfield code="9">4080</subfield>
  </datafield>
  <datafield tag="700" ind1=" " ind2=" ">
    <subfield code="a">Villalba, Diego</subfield>
    <subfield code="9">4081</subfield>
  </datafield>
  <datafield tag="700" ind1=" " ind2=" ">
    <subfield code="a">Blanco Angulo, Jos&#xE9; Antonio (MUU)</subfield>
    <subfield code="9">4082</subfield>
  </datafield>
  <datafield tag="700" ind1=" " ind2=" ">
    <subfield code="a">D&#xED;az Torres, Oly Carolina</subfield>
    <subfield code="9">4083</subfield>
  </datafield>
  <datafield tag="700" ind1=" " ind2=" ">
    <subfield code="a">G&#xF3;mez, Dulce</subfield>
    <subfield code="9">4084</subfield>
  </datafield>
  <datafield tag="999" ind1=" " ind2=" ">
    <subfield code="c">718</subfield>
    <subfield code="d">718</subfield>
  </datafield>
  <datafield tag="952" ind1=" " ind2=" ">
    <subfield code="0">0</subfield>
    <subfield code="1">0</subfield>
    <subfield code="2">ddc</subfield>
    <subfield code="4">0</subfield>
    <subfield code="7">0</subfield>
    <subfield code="a">LV</subfield>
    <subfield code="b">LV</subfield>
    <subfield code="c">Colectivas</subfield>
    <subfield code="d">2015-08-17</subfield>
    <subfield code="l">0</subfield>
    <subfield code="o">709.2 W927a</subfield>
    <subfield code="p">004082</subfield>
    <subfield code="r">2015-08-17 00:00:00</subfield>
    <subfield code="w">2015-08-17</subfield>
    <subfield code="y">01</subfield>
  </datafield>
</record>
